Электромашинные усилители постоянного и переменного тока: Диссертация на соискание ученой степени доктора технических наук

書目詳細資料
主要作者: Скороспешкин А. И.
企業作者: Томский политехнический институт (ТПИ)
其他作者: Карасев М. Ф. (научный руководитель)
語言:俄语
出版: Томск, 1967
格式: MixedMaterials 圖書
KOHA link:https://koha.lib.tpu.ru/cgi-bin/koha/opac-detail.pl?biblionumber=143100

MARC

LEADER 00000nbm1a2200000 4500
001 143100
005 20231031143025.0
035 |a (RuTPU)RU\TPU\book\155068 
090 |a 143100 
100 |a 20080916d1967 k y0rusy50 ca 
101 0 |a rus 
102 |a RU 
200 1 |a Электромашинные усилители постоянного и переменного тока  |e Диссертация на соискание ученой степени доктора технических наук  |f А. И. Скороспешкин 
210 |a Томск  |d 1967 
700 1 |a Скороспешкин  |b А. И. 
702 1 |a Карасев  |b М. Ф.  |4 727 
712 0 2 |a Томский политехнический институт (ТПИ)  |c (1944-1991)  |2 stltpush  |3 (RuTPU)RU\TPU\col\1123 
801 1 |a RU  |b 63413507  |c 20080916  |g PSBO 
801 2 |a RU  |b 63413507  |c 20080916  |g PSBO 
942 |c BK